UCM

Gestao (Record no. 47399)

MARC details
000 -LEADER
fixed length control field 00296nam a22001217a 4500
008 - FIXED-LENGTH DATA ELEMENTS--GENERAL INFORMATION
fixed length control field 210901b ||||| |||| 00| 0 eng d
100 ## - MAIN ENTRY--PERSONAL NAME
Personal name GIBSON, Rowan
245 ## - TITLE STATEMENT
Title Gestao
Remainder of title Repensar o futuro
250 ## - EDITION STATEMENT
Edition statement 1 ed
260 ## - PUBLICATION, DISTRIBUTION, ETC. (IMPRINT)
Place of publication, distribution, etc Lisboa
Name of publisher, distributor, etc Editora presensa
Date of publication, distribution, etc 1998
300 ## - PHYSICAL DESCRIPTION
Extent 285p
942 ## - ADDED ENTRY ELEMENTS (KOHA)
Source of classification or shelving scheme Universal Decimal Classification
Item type Books
Holdings
Withdrawn status Lost status Source of classification or shelving scheme Damaged status Not for loan Collection code Home library Current library Shelving location Date acquired Total Checkouts Barcode Date last seen Price effective from Koha item type
    Universal Decimal Classification     Reference Extensão - Nacala Extensão - Nacala General Stacks 01/09/2021   22082381018 01/09/2021 01/09/2021 Books

Universidade Católica de Moçambique - Rua Marquês de Soveral, 960, Palmeiras II, Beira, Moçambique

Tel (Central): (+258) 23 313 077 - Fax: (+258) 23 311 520 - Email: reitoria@ucm.ac.mz - Web: www.ucm.ac.mz